Crime and Punishment / (Record no. 617397)

000 -LEADER
fixed length control field 00378nam a22001457a 4500
020 ## - INTERNATIONAL STANDARD BOOK NUMBER
International Standard Book Number 9780140449136
040 ## - CATALOGING SOURCE
Transcribing agency NUST
082 ## - DEWEY DECIMAL CLASSIFICATION NUMBER
Classification number 891.733,DOS
100 ## - MAIN ENTRY--PERSONAL NAME
Personal name Dostoyevsky, Fyodor
9 (RLIN) 64996
245 ## - TITLE STATEMENT
Title Crime and Punishment /
Statement of responsibility, etc. Fyodor Dostoyevsky
260 ## - PUBLICATION, DISTRIBUTION, ETC.
Place of publication, distribution, etc. Siberia
Name of publisher, distributor, etc. Penguin Classics)
Date of publication, distribution, etc. 2003
300 ## - PHYSICAL DESCRIPTION
Extent 488 p.;
650 ## - SUBJECT ADDED ENTRY--TOPICAL TERM
Topical term or geographic name entry element Novel
9 (RLIN) 2525
942 ## - ADDED ENTRY ELEMENTS (KOHA)
Source of classification or shelving scheme
Koha item type Fiction
Call number prefix 891.733,DOS
Holdings
Withdrawn status Lost status Source of classification or shelving scheme Damaged status Not for loan Permanent Location Current Location Shelving location Date acquired Total Checkouts Full call number Barcode Date last seen Price effective from Koha item type
          Military College of Signals (MCS) Military College of Signals (MCS) General Stacks 05/12/2026   891.733,DOS MCS38998 05/12/2026 05/12/2026 Fiction
© 2023 Central Library, National University of Sciences and Technology. All Rights Reserved.